00788nam a22001817a 4500003000900000008004100009040007100050082001700121100002300138245002600161260006500187300002800252440003200280505024600312650001200558650002500570650001100595AR-CdUCM190305b ||||| |||| 00| 0 spa d aMUNICIPALIDAD PROVINCIAL DEL CUSCOcBIBLIOTECA MUNICIPAL DEL CUSCO a340.7 /bC17 aCalamandrei, Piero aDemasiados abogados / aBuenos Aires :bEdiciones Juridicas Europa-América,c1960. a333 páginas ;c16 cm. aBreviearios de derecho.n32 aContenido: Premisas y posición del problema -- El exceso de profesionales de la abogacía en Italia y sus consecuencias-- Las causas del número excesivo de abogados y procuradores -- Remedios contra el exceso de abogados y procuradores. aDerecho aAbogados-profesión aItalia